000
00215 a2200097 4500
001
10873
100
_a
Pear, T. H.
245
_a
Personality Appearance & Speach
260
_a
_b
George Allen
_c
090
_c
8447
_d
8447
942
_a
NUST-CAE
_c
M
_c
35208
999
_c
245946
_d
245946